| 000 | 01165nam0a22002651 4500 | ||
|---|---|---|---|
| 001 | rc\3625587 | ||
| 005 | 20250610083852.0 | ||
| 021 |
_aRU _b[73-80617] |
||
| 035 | _a(NLR Aleph) 007822616 | ||
| 090 |
_a7748802 _c7748802 |
||
| 100 | _a20130115d1973 |||y0rusy50 ca | ||
| 101 | 0 | _arus | |
| 102 | _aRU | ||
| 105 | _ay cj ||||| | ||
| 200 | 1 |
_aБольшевистская печать в годы нового революционного подъема. (1910-1914 гг.) _eЛекции и метод. указания _fКаз. гос. ун-т им. С.М. Кирова. Заоч. фак. журналистики. Кафедра рус. журналистики |
|
| 210 |
_a[Алма-Ата] _cБ. и. _d1973 |
||
| 215 |
_a128 с. _d20 |
||
| 320 | _aСписок лит.: с. 126-128 | ||
| 606 |
_aПечать Коммунистической партии Советского Союза _xИстория _z1910-1914 _jПособия для заочников _2psbo |
||
| 700 | 1 |
_aМатвиенко _bС.С. _gСеверин Степанович |
|
| 801 | 0 |
_aRU _bNLR _gpsbo |
|
| 801 | 1 |
_aRU _bELAR _2rusmarc |
|
| 852 |
_aNLR _j73-3/7492 |
||
| 942 | _cBOOK | ||
| 980 | _aNB | ||